000 00945cam a2200145 4500500
005 20260405040603.0
041 _afre
042 _adc
100 1 0 _aLehmann, Alise
_eauthor
700 1 0 _aMartin-Berthet, Françoise
_eauthor
245 0 0 _aLexicologie : Sémantique, morphologie et lexicographie
260 _bArmand Colin,
_c2018.
520 _aCet ouvrage est une introduction méthodique à la lexicologie. Les deux premières parties décrivent l’organisation du lexique sur les deux plans du sens et de la forme (sémantique et morphologie). Les notions présentées sont mises en perspective théorique et illustrées par de nombreux exemples et exercices corrigés. La troisième partie présente les éléments de la lexicographie, étude des dictionnaires, avec des exemples tirés des principaux dictionnaires français.
856 4 1 _uhttps://shs.cairn.info/lexicologie--9782200622374?lang=fr&redirect-ssocas=7080
999 _c2163375
_d2163375